| 000 | 00912cab a2200229 4500 | ||
|---|---|---|---|
| 001 | X2802 | ||
| 008 | 090401t1987 xxu||||| |||| 00| 0 eng d | ||
| 035 | _a(Sirsi) u26397 | ||
| 041 | _aeng | ||
| 100 | _aSyms, P. | ||
| 245 | _aRegional aid: an alternative proposal | ||
| 260 | _c1987 | ||
| 350 | _a0 | ||
| 490 |
_aEstates Gazette _v281 (6318) 24 January 1987, 262 (1) |
||
| 520 | _aA short article which puts forward alternative proposals for regional aid funding for industry. The author looks at the present system and suggests that what is needed is a package of policy incentives which link capital investment and job creation, but which at the same time leave matters of location to the indivdual firms. | ||
| 650 | _aINDUSTRY | ||
| 650 | _aREGIONAL DEVELOPMENT GRANTS | ||
| 650 | _aREGIONAL SELECTIVE ASSISTANCE | ||
| 690 | _aPROPERTY-COMMERCIAL PROPERTY | ||
| 942 | _n0 | ||
| 948 | _c04/03/1997 | ||
| 999 |
_c17730 _d17730 |
||